Normal view
MARC view
Entry Personal Name
001 - CONTROL NUMBER
- control field: 8843
003 - CONTROL NUMBER IDENTIFIER
- control field: BD-RjUL
005 - DATE AND TIME OF LATEST TRANSACTION
- control field: 20230909144816.0
008 - FIXED-LENGTH DATA ELEMENTS
- fixed length control field: 230909|| aca||aabn | a|a d
040 ## - CATALOGING SOURCE
- Original cataloging agency: BD-RjUL
- Transcribing agency: BD-RjUL
100 ## - HEADING--PERSONAL NAME
- Personal name: Harun,-Abdullah, -al - Supervisor
670 ## - SOURCE DATA FOUND
- Source citation: Work cat.: (BD-RjUL)81869: Abedin, Muhammad. Manzur Murshedul 8840, The :'' Cost behaviour and profitability :, 2002